• 首页
  • 本馆介绍
  • 公告通知
  • 最新文献
  • 馆藏检索
  • 电子资源
  • 读者导购
  • 参考咨询
  • 我的图书馆
  • 登录
  • 详细信息显示
  • 放入我的书架
  • 预约/预借图书
  • 作者相关作品
  • 分类相关作品
  • 丛书相关作品
  • 出版社相关作品

书目信息

  • 表格格式
  • 工作单格式
  • 卡片格式
题名:
职业压力与应对
    
 
作者: 石林 主编
分册:  
出版信息: 北京   社会科学文献出版社  2005
页数: 17,305页
开本: 21cm
丛书名:
单 册:
中图分类: C93-05
科图分类:
主题词: 管理心理学 , 管理心理学--研究
电子资源:
ISBN: 7-80190-681-0
000 01139nam0 2200325 450
000 01102nam0 2200313 450
000 01100nam0 2200325 450
000 01046nam0 2200301 450
000 01064nam0 2200289 450
000 01027nam0 2200277 45
001 TS-202482
005 20061221095121.67
010    @a7-80190-681-0@dCNY25.00
100    @a20060829d2005 em y0chiy0110 ea
101 0  @achi
102    @aCN@b110000
105    @ay z 000yy
200 1  @a职业压力与应对@Azhi ye ya li yu ying dui@f石林主编@FShi Lin Zhu Bian
210    @a北京@c社会科学文献出版社@d2005
215    @a17,305页@d21cm
330    @a作者历时3年,对我国企业员工、中小学教师、国家公务员的工作压力源和他们的应对方式进行了调查,并编制出了适合某一工作环境和中国国情的工作压力量表。
510 1  @aStress and Coping Studies in Work@zeng
606 0  @a管理心理学
606 0  @a管理心理学@x研究
690    @aC93-05@v4
701  0 @a石林@Ashi lin@c(女,心理学)@4主编
801  0 @aCN@b中图数据@c20061221
905    @a10447@dC93-05@e244
    
    职业压力与应对/石林主编.-北京:社会科学文献出版社,2005
    17,305页;21cm
    
    
    ISBN 7-80190-681-0:CNY25.00
    作者历时3年,对我国企业员工、中小学教师、国家公务员的工作压力源和他们的应对方式进行了调查,并编制出了适合某一工作环境和中国国情的工作压力量表。
●
相关链接 在E读中查询图书 在五车中查询图书 在当当中查询图书 在豆瓣中查询图书


正题名:职业压力与应对     索取号:C93-05/244         预约/预借

序号 登录号 条形码 馆藏地/架位号 状态 备注
1 0606927   206069270   第一样本阅览室/ [索取号:C93-05/244] 在馆    
2 0606928   206069289   第一借阅区/ [索取号:C93-05/244] 在馆    
3 0606929   206069298   第一借阅区/ [索取号:C93-05/244] 在馆    
4 0606930   206069305   第一借阅区/ [索取号:C93-05/244] 在馆    
5 0606931   206069314   第一借阅区/ [索取号:C93-05/244] 在馆    
唐山师范学院图书馆 欢迎您!
大连网信软件有限公司© 版权所有